[Event "CAN-ch U14"]
[Site "Ottawa"]
[Date "2007.07.05"]
[Round "5"]
[White "Shaikh, Zeeshan"]
[Black "Blair, Michael"]
[Result "0-1"]
[WhiteElo "1337"]
[BlackElo "1470"]
[PlyCount "106"]
[EventDate "2007.07.03"]
[EventType "swiss"]
[EventRounds "7"]
[EventCountry "CAN"]
[SourceTitle "EXT 2022"]
[Source "ChessBase"]
[SourceDate "2021.10.06"]
[SourceVersion "1"]
[SourceVersionDate "2021.10.06"]
[SourceQuality "1"]

1. e4 Nc6 2. Nf3 b6 3. d4 e6 4. Nc3 Bb4 5. Bd2 Bb7 6. Bd3 Nge7 7. 0-0 0-0 8. e5 Bxc3 9. Bxc3 Nd5 10. Be4 Nxc3 11. bxc3 f6 12. Re1 fxe5 13. dxe5 Na5 14. Qd3 Bxe4 15. Qxe4 Qe7 16. h4 Qf7 17. Rf1 Qf5 18. Rae1 Qxe4 19. Rxe4 Nc6 20. Ng5 h6 21. Nh3 Rf5 22. f4 Raf8 23. g4 R5f7 24. g5 Ne7 25. gxh6 gxh6 26. Kh1 Nd5 27. c4 Nc3 28. Rg1+ Kh8 29. Re3 Nxa2 30. Reg3 Nb4 31. c3 Nc6 32. Rg6 Kh7 33. h5 Ne7 34. R6g4 Nf5 35. Ng5+ hxg5 36. fxg5 Rg7 37. Rf1 Ng3+ 38. Rxg3 Rxf1+ 39. Kg2 Rf5 40. g6+ Kh6 41. Kh3 Rxh5+ 42. Kg4 Rxg6+ 43. Kf4 Rxg3 44. Kxg3 Rxe5 45. Kf4 Rc5 46. Ke4 Rxc4+ 47. Kd3 Rxc3+ 48. Kxc3 a5 49. Kb3 e5 50. Kc4 a4 51. Kb4 b5 52. Kxb5 a3 53. Ka4 a2 0-1

[Event "CAN-ch U14"]
[Site "Ottawa"]
[Date "2007.07.03"]
[Round "1"]
[White "Blair, Michael"]
[Black "Sundar, Avinash"]
[Result "0-1"]
[WhiteElo "1470"]
[BlackElo "2081"]
[PlyCount "128"]
[EventDate "2007.07.03"]
[EventType "swiss"]
[EventRounds "7"]
[EventCountry "CAN"]
[SourceTitle "EXT 2022"]
[Source "ChessBase"]
[SourceDate "2021.10.06"]
[SourceVersion "1"]
[SourceVersionDate "2021.10.06"]
[SourceQuality "1"]

1. Nf3 c5 2. c4 Nf6 3. Nc3 d5 4. cxd5 Nxd5 5. e4 Nb6 6. d4 cxd4 7. Qxd4 Qxd4 8. Nxd4 e5 9. Nf3 Nc6 10. Bb5 Bd6 11. Be3 Bg4 12. Rd1 0-0-0 13. Bxb6 axb6 14. Nd5 Bb4+ 15. Nxb4 Nxb4 16. Rc1+ Kb8 17. Nxe5 Nxa2 18. Ra1 Be6 19. 0-0 Nb4 20. Rfd1 Nc2 21. Rac1 Nd4 22. Bf1 f6 23. Nc4 Nb3 24. Rxd8+ Rxd8 25. Rc3 Rd1 26. Ne3 Rb1 27. Rc2 Nc5 28. Rd2 Nxe4 29. Rd4 f5 30. f3 Nf6 31. Rd6 Bd7 32. Rxb6 f4 33. Nc4 Nd5 34. Rd6 Bb5 35. Nd2 Rd1 36. Rxd5 Bxf1 37. Kf2 Bb5 38. Rxb5 Rxd2+ 39. Kf1 h6 40. Rb4 g5 41. Rb6 Kc7 42. Rxh6 Rxb2 43. Rh5 Rb5 44. h4 Rb1+ 45. Kf2 Rh1 46. Rxg5 Rxh4 47. Rg7+ Kc6 48. Rg6+ Kc5 49. Rg5+ Kc4 50. Re5 b5 51. Re4+ Kc3 52. Re8 b4 53. Rc8+ Kb2 54. Rb8 b3 55. Rb7 Kc2 56. Rc7+ Kb1 57. Rb7 b2 58. Rb8 Rh1 59. Rxb2+ Kxb2 60. Ke2 Kc3 61. Kf2 Kd3 62. g4 Rh3 63. Kg2 Rg3+ 64. Kf2 Kd2 0-1